00344 a2200109 4500001001000000005001700010008004100027245006500068100001700133773006700150999001700217ART_1254820260410161907.0260409a 10aLarge firm diversification in British manufacturing industry1 aUtton, M. A.0 tThe Economic Journalg- Vol. 87, NÂș 345 (mar. 1977)wREV12512 c26443d26443